Guess the singer - S - Statistics

General Stats
  • This quiz has been taken 91 times
  • The average score is 12 of 30
Answer Stats
Hint Answer % Correct
Hips Don't Lie Shakira
89%
Chandelier Sia
80%
Wannabe Spice Girls
76%
All Star Smash Mouth
65%
The Sound of Silence Simon and Garfunkel
63%
Drop It Like It's Hot Snoop Dogg
61%
Man! I Feel Like A Woman! Shania Twain
60%
Stay With Me Sam Smith
55%
It Wasn't Me Shaggy
55%
Kill Bill SZA
49%
Isn't She Lovely Stevie Wonder
48%
Baby Got Back Sir Mix-a-Lot
45%
Tainted Love Soft Cell
43%
Anarchy in the UK Sex Pistols
42%
Don't You (Forget About Me) Simple Minds
42%
Chasing Cars Snow Patrol
41%
Beautiful Girls Sean Kingston
39%
Black Magic Woman Santana
33%
Don't You Worry Child Swedish House Mafia
33%
Calm Down Selena Gomez
27%
Fields of Gold Sting
25%
Truly Madly Deeply Savage Garden
24%
Get Busy Sean Paul
24%
Bad Habit Steve Lacy
24%
Breakeven The Script
22%
Bullet With Butterfly Wings The Smashing Pumpkins
20%
Where Are Ü Now Skrillex
19%
Give a Little Bit Supertramp
16%
Brave Sara Bareilles
14%
Pound Town Sexyy Red
7%
No matching quizzes found
Score Distribution
Percent of People with Each Score
Percentile by Number Answered
Your Score History
You have not taken this quiz